Weird Geography Facts: True of False? - Statistics

General Stats
  • This quiz has been taken 372 times
  • The average score is 6 of 8
Answer Stats
Question Answer % Correct
Vancouver is not on Vancouver island True
95%
All countries in South America border Brazil False
90%
Stone Mountain is the largest rock False
80%
The Dead Sea sinks 3 feet year True
73%
There is land on the North Pole False
63%
If you drive south of Detroit you cross into Canada True
61%
Uluru is taller than the Chrysler Building True
51%
Iceland is growing by 10 inches a year False
41%
No matching quizzes found
Score Distribution
Percent of People with Each Score
Percentile by Number Answered
Your Score History
You have not taken this quiz